000 00797cam a2200241 a 4500
001 2558977
005 20180228064059.0
008 950201s1995 nyua b 001 0 eng
010 _a 95005761
020 _a0465085946 (pbk.)
020 _a0465085938 (cloth)
040 _aDLC
_cDLC
_dDLC
041 _aeng
080 _a306.872 rih
082 0 0 _a306.872 rih
_220
100 1 _a49
101 _apsi
245 1 0 _aKidding ourselves :
_cRhona Mahony.
504 _aIncludes bibliographical references (p. 253-265) and index.
906 _a7
_bcbc
_corignew
_d1
_eocip
_f19
_gy-gencatlg
942 _2ddc
_cBK
999 _c43698
_d43698